000 03497cam a2200409 4500500
005 20260111073000.0
041 _afre
042 _adc
100 1 0 _aPiperini, Marie-Christine
_eauthor
700 1 0 _aSimonian, Stéphane
_eauthor
700 1 0 _aTopouzkhanian, Sylvia
_eauthor
700 1 0 _aHenriette, Stéphane
_eauthor
245 0 0 _aTensions de changements et épuisement des personnels en hôpital psychiatrique
260 _c2024.
500 _a80
520 _aCette étude explore comment au sein de l’hôpital psychiatrique, les changements organisationnels sont vécus par les personnels. Le stress professionnel est un processus qui va de l’état de tensions, de préoccupations et d’activation jusqu’à l’épuisement. Il naît dans les transactions entre l’individu et les demandes de son environnement professionnel telles qu’il les perçoit. Notre enquête par questionnaire en ligne auprès de 510 agents souligne que le stress est favorisé par les tensions du côté des changements du travail et que les restructurations de services avec mouvements du personnel sont les changements récents les plus fréquemment cités. Cette catégorie de tensions correspond aussi à des scores d’accomplissement personnel bas et de hauts scores d’épuisement émotionnel.
520 _aThis study explores how organizational changes are experienced by staff within a psychiatric hospital. Occupational stress is a process that begins with a state of tension, concern, and activation and concludes with exhaustion. It originates in the transactions between individuals and the demands of their professional environments as they are perceived. Our online questionnaire survey of 510 employees affirms that stress is catalyzed by tensions caused by work changes, with departmental restructuring and staff movements being the most frequently cited. This category of tension also corresponds to low personal achievement scores and high emotional exhaustion scores.
520 _aEste estudio explora cómo dentro del hospital psiquiátrico, los cambios organizativos son experimentados por el personal. El estrés laboral es un proceso que va desde un estado de tensiones, preocupaciones y de activación hasta el agotamiento. Surge de las transacciones entre el individuo y las expectativas de su entorno profesional tales como las percibe. Nuestra encuesta en línea a 510 agentes señala que el estrés se ve favorecido por las tensiones relacionadas con los cambios en el lugar del trabajo, y que la reestructuración de los departamentos y la rotación de personal son los cambios recientes más citados. Esta categoría de estrés también se corresponde con puntuaciones bajas en realización personal y altas en agotamiento emocional.
690 _achangement
690 _aenquête
690 _aépuisement professionnel
690 _ahôpital psychiatrique
690 _apersonnel hospitalier
690 _aquestionnaire
690 _arégion Rhône-Alpes Auvergne
690 _astress
690 _aburnout
690 _achange
690 _ahospital staff
690 _apsychiatric hospital
690 _aquestionnaire
690 _aRhône-Alpes Auvergne region
690 _astress
690 _asurvey
786 0 _nL'information psychiatrique | Volume 99 | 10 | 2024-01-04 | p. 711-720 | 0020-0204
856 4 1 _uhttps://stm.cairn.info/revue-l-information-psychiatrique-2023-10-page-711?lang=fr&redirect-ssocas=7080
999 _c1615204
_d1615204